<?xml version="1.0" encoding="utf-8"?>
<?xml-stylesheet type='text/xsl' href='./oai2.xsl'?>
<OAI-PMH xmlns="http://www.openarchives.org/OAI/2.0/" xmlns:xsi="http://www.w3.org/2001/XMLSchema-instance" xsi:schemaLocation="http://www.openarchives.org/OAI/2.0/ http://www.openarchives.org/OAI/2.0/OAI-PMH.xsd">
  <responseDate>2026-06-05T06:33:43Z</responseDate>
  <request verb="GetRecord" metadataPrefix="marcxml" identifier="record_kuniweb_21929">https://kulturerbe.niedersachsen.de/oai</request>
  <GetRecord>
    <record>
      <header>
        <identifier>record_kuniweb_21929</identifier>
        <datestamp>2015-06-19T12:07:43Z</datestamp>
        <setSpec>slg0103</setSpec>
      </header>
      <metadata>
        <marc:record xmlns:marc="http://www.loc.gov/MARC21/slim" xsi:schemaLocation="http://www.loc.gov/MARC21/slim http://www.loc.gov/standards/marcxml/schema/MARC21slim.xsd">
          <marc:leader>12345nem  22     uu 4500</marc:leader>
          <marc:controlfield tag="001">21929</marc:controlfield>
          <marc:controlfield tag="003">http://kuniweb.gbv.de</marc:controlfield>
          <marc:controlfield tag="005">2015-06-12T13:15:34</marc:controlfield>
          <marc:controlfield tag="008">|           ||||||||||||||||||||||</marc:controlfield>
          <marc:datafield tag="245" ind1="1" ind2="0">
            <marc:subfield code="a">Ducatus Luneburgensis</marc:subfield>
          </marc:datafield>
          <marc:datafield tag="700" ind1="1" ind2=" ">
            <marc:subfield code="a">Mellinger</marc:subfield>
            <marc:subfield code="d">* 1538 † 1603</marc:subfield>
            <marc:subfield code="e">Vorbild / Ideengeber</marc:subfield>
          </marc:datafield>
          <marc:datafield tag="700" ind1="1" ind2=" ">
            <marc:subfield code="a">Merian</marc:subfield>
            <marc:subfield code="d">* 1627 † 1686</marc:subfield>
            <marc:subfield code="e">Kupferstecher</marc:subfield>
          </marc:datafield>
          <marc:datafield tag="655" ind1=" " ind2="7">
            <marc:subfield code="a">Karten</marc:subfield>
          </marc:datafield>
          <marc:datafield tag="046" ind1=" " ind2=" ">
            <marc:subfield code="k">1630</marc:subfield>
            <marc:subfield code="k">zwischen Veröffentlichung der Vorlage 1630 und Veröffentlichung der vorliegenden Karte 1654</marc:subfield>
            <marc:subfield code="l">1654</marc:subfield>
          </marc:datafield>
          <marc:datafield tag="260" ind1=" " ind2=" ">
            <marc:subfield code="g">1630</marc:subfield>
            <marc:subfield code="g">1654</marc:subfield>
            <marc:subfield code="g">zwischen Veröffentlichung der Vorlage 1630 und Veröffentlichung der vorliegenden Karte 1654</marc:subfield>
          </marc:datafield>
          <marc:datafield tag="300" ind1=" " ind2=" ">
            <marc:subfield code="a">Höhe: 28 cm
Breite: 35,5 cm</marc:subfield>
          </marc:datafield>
          <marc:datafield tag="520" ind1=" " ind2=" ">
            <marc:subfield code="a">Maßstäbe (in cm): 5 gewöhnliche deutsche Meilen = 5,7 – 7 gewöhnliche französische Meilen = 6,0
Ausrichtung: Norden
Rückseite: leer

Anmerkungen: 
Der am Hof in Celle als Arzt angestellte Mellinger hat das lüneburgische Territorium auf Kosten Brandenburgs und Verdens kartographisch erweitert. – Der Hinweis auf Canabulae lunaburgicaae (Entwässerungsgräben) in der Soltauer Heide ist bei Mellinger noch nicht vorhanden. 

Veröffentlicht in:
Erstveröffentlichung in "Topographia. Eigentliche Beschreibung der vornembsten Stäte, Schlösser, auch anderer Plätze und Örter in denen Hertzogthümern Braunschweig und Lüneburg ...", bei Matthäus Merians Erben, Frankfurt am Main 1654, nach S. 12

Literatur in Zusammenhang:
L. H. Wuethrich, „Register zu Merians "Topographia Germaniae" : Verzeichnis d. abgebildeten Orte, d. Ausgaben u. d. Künstler“. Bärenreiter-Verl., Kassel u. Basel, 1967. (S. 39, 86 f.)

Veröffentlicht in:
L. H. Wüthrich, Merian, M. , und Zeiller, M., „Topographia vnd Eigentliche Beschreibung Der Vornembsten Stäte, Schlösser, auch anderer Plätze vnd Örter, in denen Hertzogthümern Braunschweig vnd Lüneburg, vnd denen dazu gehörende Grafschafften, Herrschafften vnd Landen. Braunschweig, Lüneburg 1654. Topographia Germaniae“. Bärenreiter, Kassel [u.a.], 19611654. (als Nachdruck, nach S. 12)</marc:subfield>
          </marc:datafield>
          <marc:datafield tag="650" ind1="1" ind2=" ">
            <marc:subfield code="a">Landkarte</marc:subfield>
          </marc:datafield>
          <marc:datafield tag="773" ind1="0" ind2=" ">
            <marc:subfield code="t">Sammlung Körber-Einbeck</marc:subfield>
          </marc:datafield>
          <marc:datafield tag="852" ind1=" " ind2=" ">
            <marc:subfield code="a">Institut für Historische Landesforschung der Universität Göttingen</marc:subfield>
          </marc:datafield>
          <marc:datafield tag="" ind1=" " ind2=" ">
            <marc:subfield code="a">Namensnennung-Nicht kommerziell 4.0 International (CC BY-NC 4.0))</marc:subfield>
          </marc:datafield>
        </marc:record>
      </metadata>
    </record>
  </GetRecord>
</OAI-PMH>
